<?xml version="1.0" encoding="UTF-8"?>
<record
    xmlns:xsi="http://www.w3.org/2001/XMLSchema-instance"
    xsi:schemaLocation="http://www.loc.gov/MARC21/slim http://www.loc.gov/standards/marcxml/schema/MARC21slim.xsd"
    xmlns="http://www.loc.gov/MARC21/slim">

  <leader>02064nam a22003497a 4500</leader>
  <datafield tag="999" ind1=" " ind2=" ">
    <subfield code="c">23414</subfield>
    <subfield code="d">23414</subfield>
  </datafield>
  <controlfield tag="003">AR-CdUCM</controlfield>
  <controlfield tag="008">251216b2025    pe ||||| |||| 00| 0 esp d</controlfield>
  <datafield tag="040" ind1=" " ind2=" ">
    <subfield code="a">MUNICIPALIDAD PROVINCIAL DEL CUSCO</subfield>
    <subfield code="c">BIBLIOTECA MUNICIPAL DEL CUSCO</subfield>
  </datafield>
  <datafield tag="082" ind1=" " ind2=" ">
    <subfield code="a">390.1 /</subfield>
    <subfield code="b">C66</subfield>
  </datafield>
  <datafield tag="100" ind1=" " ind2=" ">
    <subfield code="a"> D&#xED;az Jurado, Jos&#xE9; Mauricio.</subfield>
  </datafield>
  <datafield tag="110" ind1=" " ind2=" ">
    <subfield code="a">Produce Ministerio de la Producci&#xF3;n.</subfield>
    <subfield code="9">51692</subfield>
  </datafield>
  <datafield tag="245" ind1=" " ind2=" ">
    <subfield code="a">CITE /</subfield>
    <subfield code="b">textil cam&#xE9;lidos Cusco.</subfield>
  </datafield>
  <datafield tag="260" ind1=" " ind2=" ">
    <subfield code="a">Cusco </subfield>
    <subfield code="b">Ministerio de la Producci&#xF3;n.</subfield>
    <subfield code="c">2025</subfield>
  </datafield>
  <datafield tag="300" ind1=" " ind2=" ">
    <subfield code="a">166 p&#xE1;ginas. :</subfield>
    <subfield code="c">21 x 30 cm.</subfield>
  </datafield>
  <datafield tag="505" ind1=" " ind2=" ">
    <subfield code="a"> El papel de los cam&#xE9;lidos -- Hilos de origen que narran nuestra historia -- Nuestra raz&#xF3;n de ser -- As&#xED; transformamos el sector textil -- Nuestros logros en acci&#xF3;n -- Colecciones -- " Q&#xE9;rocha " -- " Willka " Chinchero -- Innovaci&#xF3;n y tecnolog&#xED;a con prop&#xF3;sito --  Revolucionando la producci&#xF3;n -- De la teor&#xED;a a la pr&#xE1;ctica -- Tradici&#xF3;n y tecnolog&#xED;a en colaboraci&#xF3;n -- Diagn&#xF3;stico de competitividad -- Certificaci&#xF3;n que transforma vidas -- Proyectos que impulsan el futuro -- Un hito en la innovaci&#xF3;n -- Concurso Postdoctoral -- Alianzas estrat&#xE9;gicas que fortalecen -- World Visi&#xF3;n -- UNSAAC - Paqarina Wasi -- Instituto Khipu -- Centro Artesanal -- C&#xE1;mara de Comercio -- Instituto Nacional Penitenciario -- Proyectando nuestra esencia al mundo --  Logros que tejen  nuestra historia...</subfield>
  </datafield>
  <datafield tag="650" ind1=" " ind2=" ">
    <subfield code="a">Los cam&#xE9;lidos pilares del imperio Inca</subfield>
    <subfield code="9">51693</subfield>
  </datafield>
  <datafield tag="650" ind1=" " ind2=" ">
    <subfield code="a">El alpaca arte de la textiler&#xED;a</subfield>
    <subfield code="9">51694</subfield>
  </datafield>
  <datafield tag="650" ind1=" " ind2=" ">
    <subfield code="a">La llama transporte y sostenibilidad</subfield>
    <subfield code="9">51695</subfield>
  </datafield>
  <datafield tag="650" ind1=" " ind2=" ">
    <subfield code="a">Legado y continuidad</subfield>
    <subfield code="9">51696</subfield>
  </datafield>
  <datafield tag="650" ind1=" " ind2=" ">
    <subfield code="a">Soporte productivo</subfield>
    <subfield code="9">51697</subfield>
  </datafield>
  <datafield tag="650" ind1=" " ind2=" ">
    <subfield code="a">Articulaci&#xF3;n y vinculaci&#xF3;n comercial </subfield>
    <subfield code="9">51698</subfield>
  </datafield>
  <datafield tag="650" ind1=" " ind2=" ">
    <subfield code="a">Innovaci&#xF3;n te&#xF1;ido natural</subfield>
    <subfield code="9">51699</subfield>
  </datafield>
  <datafield tag="650" ind1=" " ind2=" ">
    <subfield code="a">Expandiendo el impacto </subfield>
    <subfield code="9">51700</subfield>
  </datafield>
  <datafield tag="650" ind1=" " ind2=" ">
    <subfield code="a">Capacitaci&#xF3;n integral</subfield>
    <subfield code="9">51701</subfield>
  </datafield>
  <datafield tag="650" ind1=" " ind2=" ">
    <subfield code="a">Presencia comercial</subfield>
    <subfield code="9">51702</subfield>
  </datafield>
  <datafield tag="650" ind1=" " ind2=" ">
    <subfield code="a">Demostraciones Tecnol&#xF3;gicas</subfield>
    <subfield code="9">51703</subfield>
  </datafield>
  <datafield tag="710" ind1=" " ind2=" ">
    <subfield code="a">Ministerio de la Producci&#xF3;n.</subfield>
    <subfield code="9">51704</subfield>
  </datafield>
  <datafield tag="856" ind1=" " ind2=" ">
    <subfield code="f">www.gob.pe/itp</subfield>
  </datafield>
  <datafield tag="942" ind1=" " ind2=" ">
    <subfield code="2">ddc</subfield>
    <subfield code="c">LIBROS</subfield>
  </datafield>
  <datafield tag="945" ind1=" " ind2=" ">
    <subfield code="a">jmcs</subfield>
    <subfield code="d">16/12/2025</subfield>
  </datafield>
  <datafield tag="952" ind1=" " ind2=" ">
    <subfield code="0">0</subfield>
    <subfield code="2">ddc</subfield>
    <subfield code="4">0</subfield>
    <subfield code="7">0</subfield>
    <subfield code="a">SH</subfield>
    <subfield code="b">SH</subfield>
    <subfield code="c">CART</subfield>
    <subfield code="d">2025-12-16</subfield>
    <subfield code="g">25.00</subfield>
    <subfield code="o">390.1 / C66</subfield>
    <subfield code="p">SH0000017026</subfield>
    <subfield code="r">2025-12-16</subfield>
    <subfield code="y">LIBROS</subfield>
  </datafield>
</record>
